003610000a220010900045001000020000002450037000203000047000577730032001049420008001369520090001449990017002341 aJackson, Morgan10aDe la brujería al cristianismo aVol. 59, Núm 269 (2004), Páginas 14-150 tLa Biblia de las Américas cANA 001040708HEMaFUSBCbFUSBCd2016-01-26l0o r2016-01-26 00:00:00w2016-01-26yANA c51770d51770